| 000 | 00988nam a22002897a 4500 | ||
|---|---|---|---|
| 005 | 20091029103217.0 | ||
| 008 | 091029t xxu||||| |||| 00| 0 eng d | ||
| 010 | _aENG-95247 | ||
| 020 |
_a9780070677807 _c200.00 |
||
| 020 |
_a0070677808 _c200.00 |
||
| 035 | _aEN-78780 | ||
| 037 | _bDBAD/PUB | ||
| 040 | _aDPL | ||
| 082 | _a621.3 | ||
| 100 | _aMittle, V.N. | ||
| 245 |
_aBasic electrical engineering: _cby V N Mittle, Arvind Mittal _bBE 104 / |
||
| 250 | _a2nd ed. | ||
| 260 |
_aNew Delhi _bTata McGraw Hill Education _c2009 |
||
| 270 |
_a7, West Patel Nagar _bNew Delhi _e110008 |
||
| 300 |
_aVarious pagings _c23cm.(Pbk) |
||
| 500 | _aAs per RGTU syllabus | ||
| 500 | _aIncludes index | ||
| 700 | _aMittal, Arvind | ||
| 700 | _aChu, Xingchen | ||
| 942 |
_2ddc _cEN _mMIT _h621.3 |
||
| 999 |
_c31131 _d31131 |
||